Hálaadó szentmise Bős

Bibliographic Details
Format: Article
Language:Hungarian
PhysicalDescription:Fotogr.
ISSN:1335-6534
Subjects:

MARC

LEADER 00000nab a2200000 a 4500
001 vtls010678759
003 SK-MaSNL
005 20260318132630.0
008 150513|2015 xo w| 000 02hun
015 |a SNBRB2015/05 
038 |a DSZK 
040 |a DSZK  |b slo  |c DSZK  |e AACR2 
041 0 |a hun 
044 |a xo  |c SK 
080 |a 272-549  |2 2001 
245 0 0 |a Hálaadó szentmise  |b Bős  |c -tha- 
300 |b Fotogr. 
650 0 7 |a omša  |2 SNKPH  |9 84370 
651 7 |a Gabčíkovo (Slovensko)  |2 SNKPHgeo  |9 23512 
773 0 |t Remény  |g Évf. XXVI, sz. 20 (2015), o. 3  |x 1335-6534 
852 |a DSZK  |b KIS3GCP 
958 |a HU 
958 |a SK 
958 |a NT 
999 |c 2074739  |d 2076669